000 00661nam a22002417a 4500
003 OSt
005 20140310181912.0
008 130713t xxu||||| |||| 00| 0 eng d
020 _a8173012067
050 _aQA 76.23
_b.M178 2001
082 _aTR 004.02Dr
_bM26 2001
245 _aDreamland's learn about computers /
_cAnil Madaan
260 _aIndia :
_bDreamland Publications,
_cc2000.
300 _a40 p. :
_bcol. ill. ;
_c28 cm.
520 _a1. Computer.
521 _aFaculty
541 _j1
_iPart 1
541 _j1
_iPart 3
541 _j1
_iPart 5
541 _j1
_iPart 6
562 _e4
942 _2lcc
_cBK-TR
_kTR
999 _c6590
_d6590